书目信息 |
| 题名: |
中国民族管弦乐中的器乐演奏与编配
|
|
| 作者: | 王飞飞 , 张明洁 , 董丽 编著 | |
| 分册: | ||
| 出版信息: | 长春 吉林科学技术出版社 2021.1 |
|
| 页数: | 261页 | |
| 开本: | 26cm | |
| 丛书名: | ||
| 单 册: | ||
| 中图分类: | J632.61 | |
| 科图分类: | ||
| 主题词: | 民族器乐--管弦乐--奏法--研究--中国 , 民族器乐--管弦乐队--乐队编制--研究--中国 | |
| 电子资源: | ||
| ISBN: | 978-7-5578-5501-7 | |
| 000 | 01085nam0 2200265 45 | |
| 001 | 012001001668 | |
| 005 | 20141011090338.0 | |
| 010 | @a978-7-5578-5501-7@dCNY70.00 | |
| 100 | @a20200731d2019 em y0chiy50 ea | |
| 101 | 0 | @achi |
| 102 | @aCN@b220000 | |
| 105 | @aag z 000yy | |
| 106 | @ar | |
| 200 | 1 | @a中国民族管弦乐中的器乐演奏与编配@Azhong guo min zu guan xian yue zhong de qi yue yan zou yu bian pei@b专著@f王飞飞,张明洁,董丽编著 |
| 210 | @a长春@c吉林科学技术出版社@d2021.1 | |
| 215 | @a261页@c图@d26cm | |
| 330 | @a本书共七章,主要内容包括:民族器乐艺术概论、民族管弦乐中的吹奏乐器组、民族管弦乐中的弹拨乐器组、民族管弦乐中的拉弦乐器组、民族管弦乐中的打击乐器组、民族管弦乐队中旋律织体编配技巧、民族管弦乐的整体布局技巧。 | |
| 606 | 0 | @a民族器乐@x管弦乐@x奏法@x研究@y中国 |
| 606 | 0 | @a民族器乐@x管弦乐队@x乐队编制@x研究@y中国 |
| 690 | @aJ632.61@v5 | |
| 701 | 0 | @a王飞飞@Awang fei fei@f(1984~)@4编著 |
| 701 | 0 | @a张明洁@Azhang ming jie@4编著 |
| 701 | 0 | @a董丽@Adong li@f(1971~)@4编著 |
| 801 | 2 | @aCN@b江苏凤凰@c20211018 |
| 905 | @b1345249-52@dJ632.61@e204@f4 | |
| 中国民族管弦乐中的器乐演奏与编配/王飞飞,张明洁,董丽编著.-长春:吉林科学技术出版社,2021.1 |
| 261页:图;26cm |
| ISBN 978-7-5578-5501-7:CNY70.00 |
| 本书共七章,主要内容包括:民族器乐艺术概论、民族管弦乐中的吹奏乐器组、民族管弦乐中的弹拨乐器组、民族管弦乐中的拉弦乐器组、民族管弦乐中的打击乐器组、民族管弦乐队中旋律织体编配技巧、民族管弦乐的整体布局技巧。 |
| ● |
| 相关链接 |
|
|
|
|
正题名:中国民族管弦乐中的器乐演奏与编配
索取号:J632.61/204
 
预约/预借
| 序号 | 登录号 | 条形码 | 馆藏地/架位号 | 状态 | 备注 |
| 1 | 1345249 | 213452495 | 第一样本阅览室/ [索取号:J632.61/204] | 在馆 | |
| 2 | 1345250 | 213452501 | 第一借阅区/ [索取号:J632.61/204] | 在馆 | |
| 3 | 1345251 | 213452510 | 第一借阅区/ [索取号:J632.61/204] | 在馆 | |
| 4 | 1345252 | 213452529 | 第一借阅区/ [索取号:J632.61/204] | 在馆 |